000 00517nam a2200217Ia 4500
003 OSt
005 20220924133711.0
006 a|||||r|||| 00| 0
007 ta
008 220923b |||||||| |||| 00| 0 ara d
024 _a268134
037 _cTextual
040 _aARTS
_cARTS
_bara
041 _2ara
_aara
082 _aP28w, K4
100 _aMalik Dakan
_9207128
245 0 _aMujamal masannafeen
260 _c1964
942 _hP28w, K4
_cTEXL
_2CC
999 _c434815
_d434815